Emotions online : feelings and affordances of digital media
Saved in:
| Main Author | |
|---|---|
| Format | Electronic eBook |
| Language | English |
| Published |
Abingdon, Oxon ; New York, NY :
Routledge,
2023.
|
| Subjects | |
| Online Access | Full text |
| ISBN | 9781000814392 9781003147435 9781000814491 9780367706678 9780367706654 |
| Physical Description | 1 online zdroj (185 stran) |
Cover
| LEADER | 00000nam a2200000 i 4500 | ||
|---|---|---|---|
| 001 | 114060 | ||
| 003 | CZ-ZlUTB | ||
| 005 | 20260520113337.0 | ||
| 006 | m o d | ||
| 007 | cr cnu---unuuu | ||
| 008 | 220829t20232023enk eo 001 0 eng | ||
| 020 | |a 9781000814392 |q (electronic book) | ||
| 020 | |a 9781003147435 |q (electronic book) | ||
| 020 | |a 9781000814491 |q (electronic book) | ||
| 020 | |z 9780367706678 |q (hardcover) | ||
| 020 | |z 9780367706654 |q (paperback) | ||
| 024 | 7 | |a 10.4324/9781003147435 |2 doi | |
| 040 | |a EBZ |b eng |c EBZ |e rda | ||
| 042 | |a pcc | ||
| 072 | 7 | |a 316.4/.7 |x Sociální interakce. Sociální komunikace |2 Konspekt |9 18 | |
| 072 | 7 | |a 159.93/.94 |x Senzorické a motorické funkce. Emoce. Vůle |2 Konspekt |9 17 | |
| 080 | |a 316.774:004.9 |2 MRF | ||
| 080 | |a 316.774:004.738 |2 MRF | ||
| 080 | |a 159.9 |2 MRF | ||
| 080 | |a 159.942 |2 MRF | ||
| 080 | |a (0.034.2:08) |2 MRF | ||
| 080 | |a (048.8) |2 MRF | ||
| 100 | 1 | |a Petersen, Alan R., |d 1953- |e author. | |
| 245 | 1 | 0 | |a Emotions online : |b feelings and affordances of digital media / |c Alan Petersen. |
| 264 | 1 | |a Abingdon, Oxon ; |a New York, NY : |b Routledge, |c 2023. | |
| 264 | 4 | |c ©2023 | |
| 300 | |a 1 online zdroj (185 stran) | ||
| 336 | |a text |b txt |2 rdacontent | ||
| 337 | |a počítač |b c |2 rdamedia | ||
| 338 | |a online zdroj |b cr |2 rdacarrier | ||
| 504 | |a Obsahuje bibliografické odkazy a rejstřík | ||
| 506 | |a Plný text je dostupný pouze z IP adres počítačů Univerzity Tomáše Bati ve Zlíně nebo vzdáleným přístupem pro zaměstnance a studenty | ||
| 588 | |a Description based on online resource; title from digital title page (viewed on January 18, 2023). | ||
| 650 | 0 | 7 | |a digitální média |7 ph559630 |x psychologické aspekty |2 czenas |
| 650 | 0 | 7 | |a sociální média |7 ph634112 |x psychologické aspekty |2 czenas |
| 650 | 0 | 7 | |a emoce |7 ph114465 |2 czenas |
| 650 | 0 | 9 | |a digital media |x psychological aspects |2 eczenas |
| 650 | 0 | 9 | |a social media |x psychological aspects |2 eczenas |
| 650 | 0 | 9 | |a emotions |2 eczenas |
| 655 | 7 | |a elektronické knihy |7 fd186907 |2 czenas | |
| 655 | 7 | |a monografie |7 fd132842 |2 czenas | |
| 655 | 9 | |a electronic books |2 eczenas | |
| 655 | 9 | |a monographs |2 eczenas | |
| 776 | 0 | 8 | |i Print version: |a Petersen, Alan R., 1953- |t Emotions online |d New Yok, NY : Routledge, 2023 |z 9780367706678 |w (DLC) 2022031659 |
| 856 | 4 | 0 | |u https://search.ebscohost.com/login.aspx?direct=true&scope=site&db=nlebk&db=nlabk&AN=3441529&authtype=ip,shib&custid=s3936755 |
| 942 | |2 udc | ||
| 992 | |c EBOOK-TN |c EBSCO | ||
| 993 | |x NEPOSILAT |y EIZ | ||
| 999 | |c 114060 |d 114060 | ||